000 00330nam a2200133Ia 4500
008 100328s9999 xx 000 0 und d
082 _b36560
100 _aशिरवळकर सुहास.
245 _aझुम
260 _bशब्दस्नेह
630 _aझुम
730 _aझुम
942 _cBOOK
999 _c526196
_d526193